BTEC National NIII Mathematics for Technicians (Record no. 77765)

MARC details
000 -LEADER
fixed length control field 01419nam a2200229 a 4500
008 - FIXED-LENGTH DATA ELEMENTS--GENERAL INFORMATION
fixed length control field 120416s1989 ||||||||||||||||| || u
020 ## - INTERNATIONAL STANDARD BOOK NUMBER
International Standard Book Number 0748717013
050 ## - LIBRARY OF CONGRESS CALL NUMBER
Classification number TA 330 Gre
100 ## - MAIN ENTRY--PERSONAL NAME
Personal name Greer, Alex
245 10 - TITLE STATEMENT
Title BTEC National NIII Mathematics for Technicians
260 ## - PUBLICATION, DISTRIBUTION, ETC.
Place of publication, distribution, etc. Cheltenham
Name of publisher, distributor, etc. Stanley Thornes
Date of publication, distribution, etc. 1989
300 ## - PHYSICAL DESCRIPTION
Extent 384p. : ill.
350 ## -
-- 0.00
650 #0 - SUBJECT ADDED ENTRY--TOPICAL TERM
Topical term or geographic name entry element MATHEMATICS--HANDBOOKS, MANUALS, ETC
650 ## - SUBJECT ADDED ENTRY--TOPICAL TERM
Topical term or geographic name entry element MATHEMATICS FOR TECHNICIANS
995 ## -
-- BINDERY (DAMAGED)
-- 0.00
-- 731020
-- CBU-MAIN LIBRARY (Kitwe)
-- 6
-- 45.00
-- TA 330 Gre
-- 6
-- DAMAGED
-- 028208
-- Main Library Open Access Collection
995 ## -
-- MAIN LIBRARY OPEN ACCESS
-- 0.00
-- 029122
-- CBU-MAIN LIBRARY (Kitwe)
-- 1
-- 45.00
-- TA 330 Gre
-- 1
-- LOST
-- 029122
-- Main Library Open Access Collection
995 ## -
-- ANNEX COLLECTION (Main Library)
-- 0.00
-- 736152
-- CBU-MAIN LIBRARY (Kitwe)
-- 2
-- 45.00
-- TA 330 Gre
-- 2
-- AVAILABLE
-- 39000
-- Annex Low-Usage Collection
995 ## -
-- MAIN LIBRARY OPEN ACCESS
-- 0.00
-- 731634
-- CBU-MAIN LIBRARY (Kitwe)
-- 4
-- 45.00
-- TA 330 Gre
-- 4
-- AVAILABLE
-- May 16, 2006
-- 028814
-- Main Library Open Access Collection
995 ## -
-- MAIN LIBRARY OPEN ACCESS
-- 0.00
-- 731914
-- CBU-MAIN LIBRARY (Kitwe)
-- 5
-- 45.00
-- TA 330 Gre
-- 5
-- AVAILABLE
-- 029111
-- Main Library Open Access Collection
995 ## -
-- ANNEX COLLECTION (Main Library)
-- 0.00
-- 730803
-- CBU-MAIN LIBRARY (Kitwe)
-- 3
-- 45.00
-- TA 330 Gre
-- 3
-- AVAILABLE
-- 028044
-- Annex Low-Usage Collection
999 ## -
-- 77765
-- 77765
Holdings
Withdrawn status Lost status Source of classification or shelving scheme Damaged status Not for loan Permanent Location Current Location Shelving location Date acquired Total Checkouts Full call number Barcode Date last seen Copy number Price effective from Koha item type
          CBU-MAIN LIBRARY, KITWE. CBU-MAIN LIBRARY, KITWE.   05/03/2023   TA 330 Gre 028208 05/03/2023 1 05/03/2023 MONOGRAPH
          CBU-MAIN LIBRARY, KITWE. CBU-MAIN LIBRARY, KITWE.   05/03/2023   TA 330 Gre 029122 05/03/2023 2 05/03/2023 MONOGRAPH
          CBU-MAIN LIBRARY, KITWE. CBU-MAIN LIBRARY, KITWE.   05/03/2023   TA 330 Gre 39000 05/03/2023 3 05/03/2023 MONOGRAPH
          CBU-MAIN LIBRARY, KITWE. CBU-MAIN LIBRARY, KITWE.   05/03/2023   TA 330 Gre 028814 05/03/2023 4 05/03/2023 MONOGRAPH
          CBU-MAIN LIBRARY, KITWE. CBU-MAIN LIBRARY, KITWE.   05/03/2023   TA 330 Gre 029111 05/03/2023 5 05/03/2023 MONOGRAPH
          CBU-MAIN LIBRARY, KITWE. CBU-MAIN LIBRARY, KITWE.   05/03/2023   TA 330 Gre 028044 05/03/2023 6 05/03/2023 MONOGRAPH